| 000 | 00000nam##2200000za#4500 |
| 001 | 9.642909 |
| 003 | CaOODSP |
| 005 | 20210624223927 |
| 007 | cr ||||||||||| |
| 008 | 150407|2001||||xxc|||||o f|0| 0 fre|d |
| 040 | |aCaOODSP|bfre |
| 043 | |an-cn--- |
| 086 | 1 |aCW66-377/2001F-PDF |
| 110 | 2 |aService canadien de la faune. |
| 245 | 10|aPolitique du Service canadien de la faune concernant la délivrance de permis d'effarouchement dans le secteur de l'aquaculture |h[ressource électronique] |
| 260 | |aOttawa - Ontario : |bEnvironnement Canada. |c[2001]. |
| 300 | |a4p. |
| 500 | |a« Politique en vigueur le 1er septembre 2000 ». |
| 590 | |a14-08-Supp|b2014-04-10 |
| 691 | 07|aAquaculture|2gcpds |
| 691 | 07|aOiseau migrateur|2gcpds |
| 691 | 07|aProtection de l'environnement|2gcpds |
| 775 | 08|tCanadian Wildlife Service policy for the issuance of scare permits for the aquaculture industry |w(CaOODSP)9.698898 |
| 856 | 40|ahttp://publications.gc.ca|qPDF|s209 Ko|uhttps://publications.gc.ca/collections/collection_2014/ec/CW66-377-2001-fra.pdf |